Pokemon Starters - Statistics

General Stats
  • This quiz has been taken 93 times
  • The average score is 21 of 30
Answer Stats
Answer % Correct
Bulbasaur
100%
Charmander
100%
Squirtle
100%
Torchic
81%
Mudkip
80%
Rowlet
80%
Rowlet
80%
Oshawott
76%
Oshawott
76%
Litten
74%
Piplup
73%
Tepig
73%
Cyndaquil
71%
Cyndaquil
71%
Snivy
71%
Treecko
71%
Chimchar
70%
Totodile
70%
Chikorita
64%
Turtwig
64%
Froakie
63%
Popplio
63%
Chespin
59%
Fennekin
59%
Scorbunny
59%
Fuecoco
53%
Sobble
53%
Grookey
51%
Quaxly
50%
Sprigatito
49%
No matching quizzes found
Score Distribution
Percent of People with Each Score
Percentile by Number Answered
Your Score History
You have not taken this quiz